Niño abandonado, niño delincuente /
Si los escasos cien años de vida de la pediatría remiten al "descubrimiento" del niño como categoría médica específica, el aún mas joven derecho penal de menores da cuenta del "descubrimiento" del niño como categoría socio-jurídica. En la larga historia de creación y desarrollo d...
Guardado en:
| Hovedforfatter: | |
|---|---|
| Format: | Texto |
| Fag: | |
| Tags: |
Tilføj Tag
Ingen Tags, Vær først til at tagge denne postø!
|
MARC
| LEADER | 00000 a a2200000 04500 | ||
|---|---|---|---|
| 001 | 10451 | ||
| 003 | |||
| 040 | |||
| 100 | |a García Méndez, Emilio | ||
| 245 | |a Niño abandonado, niño delincuente / |c Emilio García Méndez | ||
| 520 | |a Si los escasos cien años de vida de la pediatría remiten al "descubrimiento" del niño como categoría médica específica, el aún mas joven derecho penal de menores da cuenta del "descubrimiento" del niño como categoría socio-jurídica. En la larga historia de creación y desarrollo de las normas jurídicas, la especificidad de este nuevo derecho constituye un problema nuevo que reclama novedosas soluciones. REV//jmml | ||
| 650 | |a NIÑOS | ||
| 650 | |a DERECHOS DEL NIÑO | ||
| 650 | |a VIOLENCIA | ||
| 650 | |a CONFLICTOS SOCIALES | ||
| 650 | |a NIÑOS DE LA CALLE | ||
| 650 | |a MODELOS | ||
| 650 | |a LEGISLACION | ||
| 650 | |a NIÑOS ABANDONADOS | ||
| 650 | |a SUPERVIVENCIA INFANTIL | ||
| 773 | |g número 112; páginas 124-135 | ||
| 999 | |c 37373 |d 37373 | ||
